| 000 | 00942nam a22002297a 4500 | ||
|---|---|---|---|
| 005 | 20250704151430.0 | ||
| 008 | 250704b |||||||| |||| 00| 0 eng d | ||
| 037 | _cTB | ||
| 040 |
_aCRL _cCRL |
||
| 041 |
_2hin _ahin |
||
| 084 | _aO152,1NRUx 111N8 | ||
| 100 |
_aदेवी, रुक्मणी _9815206 |
||
| 245 | _aआषाढी बादल | ||
| 260 |
_aगुजरात, भारत: _bश्री लक्ष्मीनाथ जी चैरिटेबल ट्रस्ट, _c1998, |
||
| 300 | _a124पृ. | ||
| 365 |
_b150.00 _cINR |
||
| 546 | _aTranslated from Hindi to English | ||
| 650 | _aहिन्दी कविता | ||
| 650 | _aहिन्दी साहित्य | ||
| 942 |
_2CC _cTB _hO152,1NRUx 111N8 _n0 |
||
| 999 |
_c1433438 _d1433438 |
||